Name a Smash Bros Stage A-Z - Statistics

General Stats
  • This quiz has been taken 11 times
  • The average score is 11 of 22
Answer Stats
Letter Stage(s) # % Correct
B Balloon Fight | Battlefield | Big Battlefield | Big Blue | Boxing Ring | Bridge of Eldin | Brinstar | Brinstar Depths 8
100%
P PAC-LAND | PAC-MAZE | Palutena's Temple | Paper Mario | Peach's Castle | PictoChat | PictoChat 2 | Pilotwings | Pirate Ship | Planet Zebes | Poké Floats | Pokémon Stadium | Pokémon Stadium 2 | Port Town Aero Dive | Princess Peach's Castle | Prism Tower | Pyrosphere 17
88%
F Figure-8 Circuit | Final Destination | Find Mii | Flat Zone | Flat Zone 2 | Flat Zone X | Fountain of Dreams | Fourside | Frigate Orpheon 9
75%
M Magicant | Mario Bros. | Mario Circuit | Mario Galaxy | Mementos | Midgar | Miiverse | Minecraft World | Mishima Dojo | Moray Towers | Mushroom Kingdom | Mushroom Kingdom II | Mushroom Kingdom U | Mushroomy Kingdom | Mute City | Mute City SNES 16
75%
W WarioWare, Inc. | Wii Fit Studio | Wily Castle | Windy Hill Zone | Woolly World | Wrecking Crew | Wuhu Island 7
75%
D Delfino Plaza | Distant Planet | Dracula's Castle | Dream Land | Dream Land GB | Duck Hunt 6
63%
G Gamer | Garden of Hope | Garreg Mech Monastery | Gaur Plain | Gerudo Valley | Golden Plains | Great Bay | The Great Cave Offensive | Great Plateau Tower | Green Greens | Green Hill Zone 11
63%
H Halberd | Hanenbow | Hollow Bastion | Hyrule Castle 4
63%
S Saffron City | Sector Z | Shadow Moses Island | Skylot | Skyworld | Small Battlefield | Smashville | Spear Pillar | Spiral Mountain | Spirit Train | Spring Stadium | Summit | Super Happy Tree | Super Mario Maker | Suzaku Castle 15
63%
K Kalos Pokémon League | King of Fighters Stadium | Kongo Falls | Kongo Jungle 4
50%
T Temple | Tomodachi Life | Tortimer Island | Town and City 4
50%
Y Yggdrasil's Altar | Yoshi's Island | Yoshi's Story 3
50%
J Jungle Hijinxs | Jungle Japes 2
38%
L Living Room | Luigi's Mansion | Lylat Cruise 3
38%
R Rainbow Cruise | Rainbow Road | Reset Bomb Forest | Rumble Falls 4
38%
A Arena Ferox 1
25%
C Castle Siege | Cloud Sea of Alrest | Coliseum | Corneria 4
25%
N New Donk City Hall | New Pork City | Norfair | Northern Cave 4
25%
U Umbra Clock Tower | Unova Pokémon League 2
25%
I Icicle Mountain 1
13%
O Onett | Orbital Gate Assault 2
13%
V Venom 1
0%
No matching quizzes found
Score Distribution
Percent of People with Each Score
Percentile by Number Answered
Your Score History
You have not taken this quiz